Statistics for 10 wonders of the natural world

Click here to take the quiz!

General Stats

  • This quiz has been taken 28 times
  • The average score is 5 of 10

Answer Stats

Answer% Correct
Sahara
96%
Mount everest
92%
Grand canyon
76%
Antarctic
68%
Great barrier reef
68%
Iguazu falls
32%
Serengeti
32%
Ha long bay
24%
Amazon
20%
Galapagos islands
0%

Score Distribution

Percentile by Number Answered

Percent of People with Each Score

Your Score History

You have not taken this quiz